00550nam a2200205Ia 4500003000400000005001700004008004100021020001800062050002500080100002100105245004100126260003600167300003300203440000600236521000700242526000800249650003400257650002700291650002600318OSt20140315090755.0140130s9999 xx 000 0 und d a9780439866361 aPZ 8.3b.B314Ap 2006 aBateman, Teresa. cTeresa Bateman.aApril foolishness / bScholastic Inc.,cc2006.aUSA : a30 p. :bcol. ill. ;c26 cm. v1 aG2 c440 aApril Fools’ DayxFiction.  aGrandparentsxFiction. a Farm life xFiction.